000
00238nam a2200085Ia 4500
008
220204s9999 xx 000 0 und d
245
0
_a
SAARC charter day 2009
260
_a
Bangladesh
_b
SAARC Agricultural Information Centre
_c
2003
942
_c
BK
999
_c
44110
_d
44110